000 00459nam a2200181Ia 4500
005 20250508150743.0
008 008 250505s9999 xx 000 0 eng d
037 _aTextual
040 _aFEDL
_beng
_cFEDL
041 _aeng
_2eng
084 _a709, REA
_qFEDL
100 _aRead Herbert
245 0 _aMeaning of art
260 _aLondon, UK
_bPenguin Books
_c1950
300 _a191p
942 _cTEXL
_h709, REA
999 _c1325457
_d1325457